| 000 | 00541nam a2200181Ia 4500 | ||
|---|---|---|---|
| 999 |
_c8655 _d8655 |
||
| 003 | OSt | ||
| 005 | 20201012124653.0 | ||
| 008 | 190216s9999||||xx |||||||||||||| ||und|| | ||
| 020 | _a8176561304 | ||
| 040 | _coclc | ||
| 082 |
_a005.369 _bMAR/E |
||
| 100 |
_aMarmel, Elaine _95600 |
||
| 245 | 0 |
_aThe Essential Microsoft Word 2000 Book / _cElaine Marmel ; Nancy Stevenson |
|
| 260 |
_bBPB Publications, _aNew Delhi: _c1999. |
||
| 300 | _a554p | ||
| 650 | _aMalayalam | ||
| 942 |
_cBK _2ddc _h005.369 _iMAR/E _k005.369 _mMAR/E |
||